000 00544nam a2200169 i 4500
001 71709
003 ES-MaACL
005 20230906171215.0
007 t|
008 040817s1968 sp ||||1| spa d
100 1 _aGerschenkron, Alexander.
_956498
245 1 3 _aEl atraso económico en su perspectiva histórica /
_cAlexander Gerschenkron ; [traducción de Mª Soledad Bastida].
260 _aBarcelona :
_bAriel,
_c[1968]
300 _a473 p. ;
_c23 cm.
700 1 _aBastida, María Soledad.
_926368
852 _aES-MaACL
_jC-32264
_bR.66522
999 _c71709
_d71709